000 00826nam a2200217 4500
001 111957
003 ES-MaACL
005 20250416222534.0
007 t|
008 061121s1972 sp r ||||1| spa d
080 _a849.0-141.09"11/12"
100 1 _aOroz Arizcuren, Francisco J.
_987323
245 1 3 _aLa lírica religiosa en la literatura provenzal antigua
_b: edición crítica, traducción, notas y glosario /
_cFrancisco J. Oroz Arizcuren ; prólogo de Martín de Riquer.
260 _aPamplona :
_bInstitución Príncipe de Viana,
_c1972.
300 _a496 p. ;
_c25 cm.
650 4 _aPoesía provenzal-
_xHistoria y crítica.
_9142887
700 1 _aRiquer, Martín de,
_d1914-2013
_9240061
710 2 _aInstitución Príncipe de Viana
_94730
852 4 _aES-MaACL
_jC-44143
999 _c111957
_d111957